00763nam a2200229 a 450000100060000000300080000600500170001400800410003102000160007203500190008804000320010704100080013908200270014710000400017424500860021426000530030030000320035350000190038550400320040460000500043665100470048664016BD-RjUL20211209081249.0170208s1983 enka b 001 0 eng d a0198226888  a(BD-RjUL)64146 aDLCcDLCdMYGdBD-RjULbeng aeng 223a954.0359bMOE 19831 aMoore, R. J.q(Robin James),d1934-10aEscape from empire :bthe Attlee government and the Indian problem /cR.J. Moore. aOxford [Oxfordshire] :bClarendon Press,cc1983. ax, 376 p. :bill. ;c23 cm. aIncludes index aBibliography: p. [357]-363.10aAttlee, C. R.q(Clement Richard),d1883-1967. 0aIndiaxPolitics and governmenty1919-1947.